000 00556nam a2200217Ia 4500
005 20250326145055.0
008 250326s9999 xx 000 0 und d
037 _aTextbook
040 _aFMSL
_beng
_cFMSL
041 _aeng
_2eng
084 _aX:87y7 Q0
_qFMSL
100 _aRowe W G
_9743006
245 0 _aCase in leadership
_cRowe W G; Guerrero L
250 _a2
260 _aNew Delhi
_bNew Delhi, Sage
_c2010
300 _a465p
365 _b550
650 _aManagement
942 _cTB
_hX:87y7 Q0
999 _c1306278
_d1306278